000 00603nam a2200193 a 4500
001 000406915
003 AM-YeHGA
005 20250618072410.0
008 050201s1914 ai 000 | arm d
040 _aAM-YeHGA
041 0 _aarm
100 1 _aՎանցեան, Ա.
245 1 0 _aՊատերազմող Թիւրքիան /
_cԱ. Վանցեան.
246 1 1 _aВоюющая Турция
260 _aԲագու :
_bտպ. Ա. Թառայեանցի և Յ. Ստեփանեանցի,
_c1914.
300 _a32 էջ ;
_c14 սմ.
650 1 4 _aՊատմություն
_zԹուրքիա
_91012
090 _c156041
999 _c154643
_d154643